2024 13/ Calendrier de l'Avent Chants - Statistiques

Statistiques générales
  • Ce quiz a été pris 4 fois
  • Le résultat moyen est 3 sur 15
Statistiques - réponses
Hint Réponse % Correct
P**** p*p* *o** Petit Papa Noël
100%
Mo* b**u s*p** Mon beau sapin
67%
**** ** **** Vive le vent
67%
** *s* ** ** ***** **f*** Il est né le divin enfant
33%
** p**** ***** *u **z *oug* Le petit renne au nez rouge
33%
No** b**** Noël blanc
33%
***s u** ***b** obs*u** Dans une étable obscure
0%
*ou** *u** s***** *u** Douce nuit, sainte nuit
0%
***** ** bo*uf ** * *** g**s Entre le boeuf et l'âne gris
0%
** m***h* **s *o*s La marche des rois
0%
**s **g*s ***s nos **mp*g**s Les anges dans nos campagnes
0%
M**u** *h******s Minuit Chrétiens
0%
No** nou***** Noël nouvelet
0%
P*up** f***** Peuple Fidèle
0%
****z ***** M*ss** Venez divin Messie
0%
Aucun quiz correspondant
Distribution des résultats
% des personnes avec chaque résultat
Percentile par nombre de réponses
Votre historique - résultats
Vous n’avez pas pris ce quiz